000 00790cab a2200277 4500
001 WB3308-22
008 090401t1997 xxu||||| |||| 00| 0 eng d
035 _a(Sirsi) u55551
041 _aeng
245 _aWhen the surveyor says it should cost less
260 _c1997
350 _a0
490 _aIndependent on Sunday
_v16 February 1997, 10(2)
520 _aLooks at when a surveyor values a house at less than the agreed sale price in the mortgage valuation report.
650 _aESTATE AGENTS
650 _aHOMEBUYERS
650 _aMORTGAGE VALUATIONS
650 _aPROSPECTIVE PURCHASERS
650 _aUNDER VALUATION
650 _aVALUATION REPORTS
650 _aValuation
_96273
650 _aVALUERS
690 _aHOUSING
942 _n0
948 _c04/03/1997
999 _c33946
_d33946